[Event "12. Open de Sants 2010"]
[Site "Barcelona ESP"]
[Date "2010.08.22"]
[Round "3.17"]
[White "Martinez Duany, Lelys Stanley"]
[Black "Colon Garcia, Enrique"]
[Result "1-0"]
[WhiteElo "2510"]
[BlackElo "2314"]
[PlyCount "87"]
[EventDate "2010.08.20"]
[EventType "swiss"]
[EventRounds "10"]
[EventCountry "ESP"]
[Source "lmi"]
[SourceDate "2010.08.20"]

1. e4 c5 2. Nc3 Nc6 3. Nf3 d6 4. d4 cxd4 5. Nxd4 e5 6. Ndb5 a6 7. Na3 Be7 8.
Nc4 b5 9. Ne3 Nf6 10. g3 O-O 11. Bg2 b4 12. Ncd5 Nxd5 13. Nxd5 Bg5 14. Bxg5
Qxg5 15. a3 b3 16. c3 Rb8 17. O-O Be6 18. Ne3 Rfd8 19. Qd3 a5 20. Rad1 Qe7 21.
Rd2 Qa7 22. Rfd1 Ne7 23. Qf1 Qc5 24. Bh3 Rb6 25. Bxe6 fxe6 26. Qc4 Qc8 27. Qxc8
Nxc8 28. Nc4 Ra6 29. Nxe5 Kf8 30. f4 Ke7 31. Nc4 Rd7 32. Kf2 Rc7 33. Rd4 a4 34.
Ne3 Na7 35. Rb4 Nc6 36. Rb5 g6 37. h4 Ra5 38. Rxa5 Nxa5 39. Rd4 Nb7 40. Rxa4
Nc5 41. Rc4 Ra7 42. Ke2 Kd7 43. Rb4 Ra8 44. Nc4 1-0

[Event "12. Open de Sants 2010"]
[Site "Barcelona ESP"]
[Date "2010.08.22"]
[Round "3.18"]
[White "Malloni, Marcello"]
[Black "Oms Pallisse, Josep"]
[Result "0-1"]
[WhiteElo "2293"]
[BlackElo "2494"]
[PlyCount "52"]
[EventDate "2010.08.20"]
[EventType "swiss"]
[EventRounds "10"]
[EventCountry "ESP"]
[Source "lmi"]
[SourceDate "2010.08.20"]

1. e4 e6 2. d4 d5 3. Nc3 Nf6 4. Bg5 dxe4 5. Nxe4 Be7 6. Bxf6 Bxf6 7. Nf3 Nd7 8.
Qd2 O-O 9. O-O-O Be7 10. h4 c5 11. Bb5 Qc7 12. d5 exd5 13. Qxd5 Nf6 14. Nxf6+
Bxf6 15. Ng5 Qb6 16. Qb3 Bf5 17. Rhe1 h6 18. Ne4 Bxh4 19. Nd6 Bg4 20. Rd3 a6
21. Bc4 Qxb3 22. axb3 b5 23. Bd5 Rad8 24. Bb7 Bxf2 25. Re4 Bh5 26. Rf4 Be2 0-1

[Event "12. Open de Sants 2010"]
[Site "Barcelona ESP"]
[Date "2010.08.22"]
[Round "3.19"]
[White "Handke, Florian"]
[Black "Martin Fuentes, Alberto"]
[Result "1-0"]
[WhiteElo "2494"]
[BlackElo "2297"]
[PlyCount "101"]
[EventDate "2010.08.20"]
[EventType "swiss"]
[EventRounds "10"]
[EventCountry "ESP"]
[Source "lmi"]
[SourceDate "2010.08.20"]

1. e4 e6 2. d4 d5 3. Nd2 Nf6 4. e5 Nfd7 5. Bd3 c5 6. c3 Nc6 7. Ngf3 Be7 8. O-O
g5 9. dxc5 Nxc5 10. Bb5 Qb6 11. Nd4 a6 12. Bxc6+ bxc6 13. Qh5 Nd3 14. N2f3 c5
15. Nc2 Nxc1 16. Raxc1 h6 17. Ne3 Bd7 18. Ng4 Bb5 19. Rfe1 Bd3 20. Nf6+ Bxf6
21. exf6 Bg6 22. Qh3 O-O-O 23. Ne5 Rd6 24. Nxg6 fxg6 25. Qd3 Rf8 26. Qxg6 Qd8
27. f7 Qe7 28. Qxh6 Rxf7 29. Re5 g4 30. c4 Rf5 31. cxd5 Rxe5 32. Qh8+ Kd7 33.
Qxe5 Rxd5 34. Qe2 Qf6 35. b3 Qf4 36. Re1 Rd6 37. g3 Qd2 38. Qxd2 Rxd2 39. Re4
Rxa2 40. Rxg4 Rb2 41. Rc4 Kd6 42. Rc3 a5 43. h4 Kd5 44. h5 a4 45. Rd3+ Ke4 46.
Re3+ Kf5 47. bxa4 Ra2 48. Rc3 Rxa4 49. Rxc5+ e5 50. Kg2 Kg4 51. h6 1-0

[Event "12. Open de Sants 2010"]
[Site "Barcelona ESP"]
[Date "2010.08.22"]
[Round "3.35"]
[White "Delaney, John"]
[Black "Fier, Alexandr"]
[Result "0-1"]
[WhiteElo "2210"]
[BlackElo "2570"]
[PlyCount "94"]
[EventDate "2010.08.20"]
[EventType "swiss"]
[EventRounds "10"]
[EventCountry "ESP"]
[Source "lmi"]
[SourceDate "2010.08.20"]

1. e4 c5 2. Nf3 d6 3. d4 cxd4 4. Nxd4 Nf6 5. Nc3 e6 6. Be2 Be7 7. O-O O-O 8.
Be3 Nc6 9. f4 Bd7 10. Kh1 a6 11. a3 b5 12. Qe1 Qb8 13. Qg3 b4 14. axb4 Qxb4 15.
Nxc6 Bxc6 16. e5 dxe5 17. fxe5 Ne4 18. Nxe4 Bxe4 19. Qg4 a5 20. Rac1 Bf5 21.
Qxb4 axb4 22. Bc4 Ra5 23. Bd4 Rc8 24. Bb3 h5 25. c3 Rb5 26. Ba4 Rb7 27. Bc2 Bg5
28. Bxf5 Bxc1 29. Bxe6 fxe6 30. Rxc1 Ra8 31. cxb4 Rxb4 32. Bc3 Rba4 33. Kg1 Ra1
34. Rxa1 Rxa1+ 35. Kf2 g5 36. Ke3 Kf7 37. Kf3 Kg6 38. h3 Rf1+ 39. Ke2 Rf4 40.
Ke3 Kf5 41. g3 Rf1 42. b4 Rh1 43. Kd4 Rxh3 44. b5 h4 45. gxh4 gxh4 46. b6 Rg3
47. Be1 Rb3 0-1

[Event "12. Open de Sants 2010"]
[Site "Barcelona ESP"]
[Date "2010.08.23"]
[Round "4.1"]
[White "Cori Tello, Jorge"]
[Black "Rodshtein, Maxim"]
[Result "1/2-1/2"]
[WhiteElo "2486"]
[BlackElo "2609"]
[PlyCount "108"]
[EventDate "2010.08.20"]
[EventType "swiss"]
[EventRounds "10"]
[EventCountry "ESP"]
[Source "lmi"]
[SourceDate "2010.08.20"]

1. d4 Nf6 2. Nf3 g6 3. c4 Bg7 4. Nc3 d5 5. cxd5 Nxd5 6. e4 Nxc3 7. bxc3 c5 8.
Be3 Qa5 9. Qd2 O-O 10. Bc4 Nc6 11. Rd1 Bg4 12. O-O Bxf3 13. gxf3 Rfd8 14. Qb2
cxd4 15. cxd4 Qh5 16. Kg2 Rac8 17. Be2 Rc7 18. Rd2 Rcd7 19. Rfd1 e6 20. Qb5
Qxb5 21. Bxb5 a6 22. Bxc6 bxc6 23. Kf1 Kf8 24. Ke2 Ke8 25. h3 a5 26. Rd3 Rb7
27. Ra3 Rb5 28. Rd2 Kd7 29. Rc2 Rdb8 30. Rac3 R8b6 31. Rc4 Rb4 32. Rc5 Ra6 33.
Kd3 a4 34. d5 exd5 35. exd5 cxd5 36. Rc7+ Ke6 37. Re2 Kf5 38. Rxf7+ Bf6 39. Rc2
Rh4 40. Rc8 Rxh3 41. Rcf8 Rxf3 42. Ke2 Kg4 43. Rxh7 d4 44. Bxd4 Bxd4 45. Rxf3
Re6+ 46. Kd3 Kxf3 47. Kxd4 Kxf2 48. Kd5 Ra6 49. Kc5 a3 50. Rg7 Kf3 51. Kb5 Rf6
52. Kb4 Kf4 53. Kxa3 g5 54. Kb4 Ke5 1/2-1/2

[Event "12. Open de Sants 2010"]
[Site "Barcelona ESP"]
[Date "2010.08.23"]
[Round "4.2"]
[White "Bluvshtein, Mark"]
[Black "Khmelniker, Ilya"]
[Result "1/2-1/2"]
[WhiteElo "2583"]
[BlackElo "2483"]
[PlyCount "46"]
[EventDate "2010.08.20"]
[EventType "swiss"]
[EventRounds "10"]
[EventCountry "ESP"]
[Source "lmi"]
[SourceDate "2010.08.20"]

1. d4 Nf6 2. c4 g6 3. Nc3 d5 4. cxd5 Nxd5 5. Bd2 Bg7 6. e4 Nb6 7. Be3 Nc6 8.
Bb5 O-O 9. Bxc6 bxc6 10. Nge2 Ba6 11. O-O e5 12. dxe5 Bxe5 13. Re1 Nc4 14. Qc1
Bg7 15. Bc5 Re8 16. f4 Nb6 17. e5 Qd7 18. Ne4 f6 19. Bf2 Bxe2 20. Rxe2 fxe5 21.
fxe5 Rxe5 22. Qc2 Rae8 23. Rae1 Kh8 1/2-1/2

[Event "12. Open de Sants 2010"]
[Site "Barcelona ESP"]
[Date "2010.08.23"]
[Round "4.3"]
[White "Barrientos, Sergio E"]
[Black "Peralta, Fernando"]
[Result "1-0"]
[WhiteElo "2477"]
[BlackElo "2570"]
[PlyCount "79"]
[EventDate "2010.08.20"]
[EventType "swiss"]
[EventRounds "10"]
[EventCountry "ESP"]
[Source "lmi"]
[SourceDate "2010.08.20"]

1. e4 c6 2. Nf3 d5 3. exd5 cxd5 4. Ne5 Nc6 5. d4 Nf6 6. c3 g6 7. Bb5 Bd7 8.
Nxd7 Qxd7 9. O-O Bg7 10. Nd2 O-O 11. Re1 Qc7 12. Nb3 Rfe8 13. Bg5 Ne4 14. Be3
Rad8 15. Nd2 Nd6 16. Bf4 Qb6 17. Bxc6 Qxc6 18. h4 b5 19. Nf3 Nc4 20. b3 Nd6 21.
Rc1 h5 22. Qd3 Nf5 23. Rc2 Rc8 24. Be5 Bh6 25. Ra1 a6 26. a4 f6 27. Bg3 Kf7 28.
axb5 axb5 29. Ra5 Ra8 30. Rxb5 Ra1+ 31. Kh2 Qa6 32. Qe2 Rc8 33. c4 dxc4 34.
bxc4 Bf8 35. Bf4 Nd6 36. Bxd6 Qxd6+ 37. g3 Qd7 38. d5 Rca8 39. Kg2 Qg4 40. Rb7
1-0

[Event "12. Open de Sants 2010"]
[Site "Barcelona ESP"]
[Date "2010.08.23"]
[Round "4.4"]
[White "Narciso Dublan, Marc"]
[Black "Escobar Forero, Alder"]
[Result "1-0"]
[WhiteElo "2540"]
[BlackElo "2474"]
[PlyCount "116"]
[EventDate "2010.08.20"]
[EventType "swiss"]
[EventRounds "10"]
[EventCountry "ESP"]
[Source "lmi"]
[SourceDate "2010.08.20"]

1. d4 d5 2. c4 c6 3. Nf3 Nf6 4. e3 e6 5. Nbd2 Nbd7 6. b3 Bd6 7. Bb2 O-O 8. Bd3
c5 9. O-O b6 10. cxd5 exd5 11. Ne5 Bb7 12. Nxd7 Nxd7 13. Rc1 Re8 14. Nf3 Re6
15. g3 Rh6 16. Re1 Nf6 17. Bf1 Qd7 18. Bg2 Qf5 19. Qe2 Ne4 20. Red1 Re8 21. Qb5
Re7 22. dxc5 bxc5 23. Qa5 Rd7 24. h4 Nxf2 25. Kxf2 Rg6 26. Rxc5 Bxg3+ 27. Kg1
Bd6 28. Ng5 h6 29. Rf1 Qg4 30. Rc2 hxg5 31. Qa4 Qxa4 32. bxa4 gxh4 33. Kh1 Rc7
34. Rxc7 Bxc7 35. Bd4 Bb6 36. Rf4 Bxd4 37. Rxd4 Re6 38. Rxh4 Rxe3 39. Rb4 Bc6
40. a5 Ra3 41. Rb8+ Kh7 42. Rc8 Bd7 43. Rc7 Be6 44. Rxa7 d4 45. Ra6 Rxa2 46.
Rd6 Rxa5 47. Rxd4 g5 48. Rd6 Kg7 49. Kg1 Kf6 50. Rd8 Ke5 51. Rd1 f5 52. Re1+
Kf6 53. Rb1 g4 54. Bf1 Bd5 55. Bd3 Ra3 56. Rb6+ Ke5 57. Bb1 Rh3 58. Rb5 f4 1-0

[Event "12. Open de Sants 2010"]
[Site "Barcelona ESP"]
[Date "2010.08.23"]
[Round "4.5"]
[White "Brunner, Nicolas"]
[Black "Cruz, Cristhian"]
[Result "1/2-1/2"]
[WhiteElo "2451"]
[BlackElo "2536"]
[PlyCount "27"]
[EventDate "2010.08.20"]
[EventType "swiss"]
[EventRounds "10"]
[EventCountry "ESP"]
[Source "lmi"]
[SourceDate "2010.08.20"]

1. d4 d5 2. c4 c6 3. Nc3 Nf6 4. Nf3 a6 5. e3 b5 6. b3 Bg4 7. Be2 e6 8. O-O Nbd7
9. h3 Bf5 10. Bd3 Bxd3 11. Qxd3 Be7 12. a4 bxc4 13. bxc4 O-O 14. Rb1 1/2-1/2

[Event "12. Open de Sants 2010"]
[Site "Barcelona ESP"]
[Date "2010.08.23"]
[Round "4.6"]
[White "Rojas Keim, Luis"]
[Black "Alonso Rosell, Alvar"]
[Result "0-1"]
[WhiteElo "2437"]
[BlackElo "2521"]
[PlyCount "64"]
[EventDate "2010.08.20"]
[EventType "swiss"]
[EventRounds "10"]
[EventCountry "ESP"]
[Source "lmi"]
[SourceDate "2010.08.20"]

1. d4 d5 2. c4 c6 3. Nf3 Nf6 4. e3 Bf5 5. Nc3 e6 6. Nh4 Be4 7. f3 Bg6 8. Qb3
Qb6 9. Nxg6 hxg6 10. c5 Qc7 11. Bd2 Nbd7 12. O-O-O b6 13. cxb6 axb6 14. h4 b5
15. Kb1 Be7 16. g4 b4 17. Ne2 c5 18. dxc5 Nxc5 19. Qxb4 O-O 20. Qc3 Qa7 21. Nc1
Rfb8 22. b4 Nfd7 23. Rh2 Na6 24. b5 Nc7 25. Qb2 Qa4 26. Nb3 Nxb5 27. Bxb5 Rxb5
28. Bc3 Ba3 29. Qc2 Nc5 30. Rd4 Qa6 31. Bb2 Bxb2 32. Qxb2 Rab8 0-1

[Event "12. Open de Sants 2010"]
[Site "Barcelona ESP"]
[Date "2010.08.23"]
[Round "4.7"]
[White "Anikaev, Yuri N"]
[Black "Martinez Duany, Lelys Stanley"]
[Result "0-1"]
[WhiteElo "2411"]
[BlackElo "2510"]
[PlyCount "92"]
[EventDate "2010.08.20"]
[EventType "swiss"]
[EventRounds "10"]
[EventCountry "ESP"]
[Source "lmi"]
[SourceDate "2010.08.20"]

1. c4 g6 2. g3 Bg7 3. Bg2 e5 4. Nc3 d6 5. d3 Nf6 6. Nf3 O-O 7. O-O Nbd7 8. Rb1
a5 9. a3 Nh5 10. b4 axb4 11. axb4 f5 12. Qb3 h6 13. c5+ Kh7 14. cxd6 cxd6 15.
Ba3 Nb6 16. Rfc1 Qe7 17. b5 Be6 18. Qb4 Rfd8 19. Nd2 Qf7 20. e3 Nf6 21. Qb2 e4
22. d4 Bc4 23. Bb4 Bd3 24. Ra1 Rxa1 25. Rxa1 Nfd5 26. Nxd5 Nxd5 27. Qb3 Rc8 28.
Bf1 Bxf1 29. Rxf1 Qe6 30. Ba3 Rc3 31. Qa2 h5 32. Rc1 Rd3 33. Nc4 Nb6 34. Bb4 h4
35. Qc2 Nd5 36. Be1 f4 37. Qe2 f3 38. Qf1 Rb3 39. gxh4 Rxb5 40. Nxd6 Rb2 41.
Nc4 Re2 42. Rb1 b5 43. Ne5 b4 44. Kh1 b3 45. Rxb3 Qh3 46. Kg1 Rxe1 0-1

[Event "12. Open de Sants 2010"]
[Site "Barcelona ESP"]
[Date "2010.08.23"]
[Round "4.8"]
[White "Oms Pallisse, Josep"]
[Black "Richter, Michael"]
[Result "1/2-1/2"]
[WhiteElo "2494"]
[BlackElo "2428"]
[PlyCount "47"]
[EventDate "2010.08.20"]
[EventType "swiss"]
[EventRounds "10"]
[EventCountry "ESP"]
[Source "lmi"]
[SourceDate "2010.08.20"]

1. d4 d5 2. c4 dxc4 3. Nf3 a6 4. e3 b5 5. a4 Bb7 6. b3 e6 7. axb5 axb5 8. Rxa8
Bxa8 9. bxc4 bxc4 10. Bxc4 Nf6 11. O-O Bd6 12. Nc3 O-O 13. Nb5 Be7 14. Be2 c6
15. Nc3 c5 16. dxc5 Nbd7 17. Ba3 Bxc5 18. Bxc5 Nxc5 19. Qxd8 Rxd8 20. Ra1 Nce4
21. Nxe4 Bxe4 22. Ne5 Ra8 23. Rxa8+ Bxa8 24. Bf1 1/2-1/2

[Event "12. Open de Sants 2010"]
[Site "Barcelona ESP"]
[Date "2010.08.23"]
[Round "4.9"]
[White "Cori Tello, Deysi"]
[Black "Handke, Florian"]
[Result "0-1"]
[WhiteElo "2403"]
[BlackElo "2494"]
[PlyCount "88"]
[EventDate "2010.08.20"]
[EventType "swiss"]
[EventRounds "10"]
[EventCountry "ESP"]
[Source "lmi"]
[SourceDate "2010.08.20"]

1. d4 d5 2. Nf3 c6 3. c4 Nf6 4. Nc3 a6 5. c5 g6 6. h3 Bg7 7. Bf4 O-O 8. e3 Bf5
9. Qb3 Qc8 10. g4 Be4 11. Bg2 Nbd7 12. Bh2 e5 13. O-O-O exd4 14. exd4 Bh6+ 15.
g5 Bxf3 16. Bxf3 Bxg5+ 17. Kb1 Nxc5 18. dxc5 Qf5+ 19. Ka1 Qxf3 20. Bd6 d4 21.
h4 Bxh4 22. Rxh4 dxc3 23. bxc3 Ne4 24. Bxf8 Rxf8 25. Re1 Nxf2 26. Qc2 Ng4 27.
Qc1 Qg3 28. Reh1 Nf6 29. Rf4 Nd5 30. Rfh4 Nf6 31. Rf4 Kg7 32. Rf5 h5 33. Rhf1
Nd5 34. R1f3 Qg4 35. Qe1 gxf5 36. Rg3 Kg6 37. Qe5 Rd8 38. Kb2 Nf6 39. a4 Rd5
40. Qc7 Rd7 41. Qe5 h4 42. Rxg4+ fxg4 43. Kc2 Rd5 44. Qh2 g3 0-1

[Event "12. Open de Sants 2010"]
[Site "Barcelona ESP"]
[Date "2010.08.23"]
[Round "4.10"]
[White "Kempinski, Robert"]
[Black "Sidorenko, Ilya"]
[Result "1/2-1/2"]
[WhiteElo "2612"]
[BlackElo "2409"]
[PlyCount "33"]
[EventDate "2010.08.20"]
[EventType "swiss"]
[EventRounds "10"]
[EventCountry "ESP"]
[Source "lmi"]
[SourceDate "2010.08.20"]

1. d4 Nf6 2. c4 g6 3. Nf3 Bg7 4. g3 c6 5. Bg2 d5 6. b3 dxc4 7. bxc4 c5 8. Bb2
Ne4 9. O-O Nc6 10. e3 O-O 11. Na3 Bg4 12. Nc2 Ng5 13. h4 Nxf3+ 14. Bxf3 Bxf3
15. Qxf3 cxd4 16. exd4 Bxd4 17. Qd1 1/2-1/2

[Event "12. Open de Sants 2010"]
[Site "Barcelona ESP"]
[Date "2010.08.23"]
[Round "4.11"]
[White "Mamedov, Nidjat"]
[Black "Arenas, David"]
[Result "1-0"]
[WhiteElo "2604"]
[BlackElo "2364"]
[PlyCount "77"]
[EventDate "2010.08.20"]
[EventType "swiss"]
[EventRounds "10"]
[EventCountry "ESP"]
[Source "lmi"]
[SourceDate "2010.08.20"]

1. e4 c5 2. Nf3 d6 3. d4 Nf6 4. Nc3 cxd4 5. Nxd4 a6 6. Be3 e5 7. Nb3 Be6 8. Qd2
Be7 9. f3 h5 10. Be2 Nbd7 11. Nd5 Nxd5 12. exd5 Bf5 13. O-O O-O 14. Na5 Qc7 15.
c4 Bf6 16. Rac1 b6 17. Nc6 Rfe8 18. g4 Bg6 19. b4 hxg4 20. fxg4 e4 21. g5 Bd8
22. h4 Ne5 23. Nxe5 Rxe5 24. Bg4 Qb7 25. Qf2 Qe7 26. Qg3 b5 27. Bd4 bxc4 28.
Bxe5 dxe5 29. Rxc4 Bb6+ 30. Kh2 e3 31. Be2 Bd4 32. Qg4 Qe8 33. h5 Bh7 34. Rfc1
Rd8 35. Rc8 Bb6 36. Rxd8 Bxd8 37. Rc8 Bb1 38. g6 f5 39. Qg5 1-0

[Event "12. Open de Sants 2010"]
[Site "Barcelona ESP"]
[Date "2010.08.23"]
[Round "4.12"]
[White "Strunski, Andreas"]
[Black "Nijboer, Friso"]
[Result "0-1"]
[WhiteElo "2365"]
[BlackElo "2582"]
[PlyCount "76"]
[EventDate "2010.08.20"]
[EventType "swiss"]
[EventRounds "10"]
[EventCountry "ESP"]
[Source "lmi"]
[SourceDate "2010.08.20"]

1. d4 Nf6 2. c4 g6 3. Nc3 Bg7 4. e4 d6 5. f3 a6 6. Nge2 O-O 7. Bg5 c6 8. Rc1 b5
9. cxb5 axb5 10. a3 Nbd7 11. g3 Qb6 12. Qb3 e5 13. d5 cxd5 14. Nxd5 Nxd5 15.
Qxd5 Bb7 16. Qd2 d5 17. exd5 e4 18. Be3 Qf6 19. f4 Qxb2 20. Rc7 Bc8 21. Nd4
Qxd2+ 22. Kxd2 Nf6 23. d6 b4 24. axb4 Nd5 25. Bc4 Nxc7 26. dxc7 Bb7 27. Nb5
Rfc8 28. Rc1 Bf8 29. Kc3 Ra4 30. Bb6 Bxb4+ 31. Kb3 Ra6 32. Bd4 Bd2 33. Rd1 e3
34. Be5 Kf8 35. Nd4 Rb6+ 36. Kc2 Be4+ 37. Bd3 f6 38. Rf1 Ke7 0-1

[Event "12. Open de Sants 2010"]
[Site "Barcelona ESP"]
[Date "2010.08.23"]
[Round "4.13"]
[White "Parligras, Mircea"]
[Black "Lanzani, Mario"]
[Result "1/2-1/2"]
[WhiteElo "2574"]
[BlackElo "2362"]
[PlyCount "91"]
[EventDate "2010.08.20"]
[EventType "swiss"]
[EventRounds "10"]
[EventCountry "ESP"]
[Source "lmi"]
[SourceDate "2010.08.20"]

1. e4 e5 2. Nf3 Nc6 3. Bb5 Nf6 4. O-O Nxe4 5. d4 Nd6 6. Bxc6 dxc6 7. dxe5 Nf5
8. Qxd8+ Kxd8 9. Nc3 h6 10. h3 Bd7 11. b3 Kc8 12. Bb2 b6 13. Rad1 a5 14. a4 c5
15. Rfe1 Ne7 16. Rd2 Be6 17. Red1 Kb7 18. Nb5 Nc6 19. c4 Be7 20. Nc3 Rad8 21.
Nd5 Bg5 22. Nxg5 hxg5 23. f3 Rd7 24. Kf2 Rhd8 25. Ke3 Nb4 26. Nxb4 Rxd2 27.
Rxd2 Rxd2 28. Kxd2 axb4 29. Bc1 c6 30. g4 b5 31. axb5 cxb5 32. Kd3 bxc4+ 33.
bxc4 f6 34. exf6 gxf6 35. Bb2 f5 36. Bf6 fxg4 37. fxg4 b3 38. Bb2 Bd7 39. Bc1
Bc6 40. Bxg5 Bg2 41. h4 Bf3 42. h5 Bxg4 43. h6 Bf5+ 44. Kc3 Bc2 45. Bf6 Kc6 46.
h7 1/2-1/2

[Event "12. Open de Sants 2010"]
[Site "Barcelona ESP"]
[Date "2010.08.23"]
[Round "4.14"]
[White "Fier, Alexandr"]
[Black "Oms Fuentes, Lluis"]
[Result "0-1"]
[WhiteElo "2570"]
[BlackElo "2360"]
[PlyCount "130"]
[EventDate "2010.08.20"]
[EventType "swiss"]
[EventRounds "10"]
[EventCountry "ESP"]
[Source "lmi"]
[SourceDate "2010.08.20"]

1. e4 c5 2. Nc3 Nc6 3. Nge2 Nf6 4. g3 d5 5. exd5 Nxd5 6. Bg2 Nc7 7. O-O g6 8.
Na4 Ne6 9. b4 Bg7 10. b5 Ncd4 11. Nxd4 Qxd4 12. c3 Qd3 13. Qb3 Bd7 14. Rb1 Rb8
15. Re1 O-O 16. Be4 Qd6 17. Nb2 Ng5 18. Bg2 Nh3+ 19. Kf1 Qf6 20. f3 Bf5 21. Ra1
Rbd8 22. Qc4 b6 23. a4 Rd7 24. a5 Rfd8 25. axb6 axb6 26. Ra4 Bh6 27. g4 Qh4 28.
Re2 Be6 29. Qe4 Bxd2 30. Bxd2 Rxd2 31. Ra8 R2d6 32. c4 Rxa8 33. Qxa8+ Kg7 34.
Qe4 Qh6 35. Bxh3 Qxh3+ 36. Kg1 Qh4 37. Qe5+ Qf6 38. g5 Qxe5 39. Rxe5 f6 40.
gxf6+ Kxf6 41. Re2 Rd4 42. Rc2 Bf7 43. Kf2 e5 44. Ke3 Kf5 45. Rc1 h5 46. Rc3 g5
47. Rc1 Be6 48. Rc2 h4 49. Rc1 e4 50. fxe4+ Rxe4+ 51. Kf2 g4 52. Rc3 Bf7 53.
Rc1 Rf4+ 54. Kg1 Ke4 55. Rd1 Ke3 56. Na4 Rf6 57. Rc1 Kd2 58. Rc3 Bg6 59. Ra3
Bd3 60. Nb2 Be2 61. Ra2 h3 62. Ra1 Kc3 63. Na4+ Kb3 64. Kh1 Bxc4 65. Kg1 Bxb5
0-1

[Event "12. Open de Sants 2010"]
[Site "Barcelona ESP"]
[Date "2010.08.23"]
[Round "4.15"]
[White "Fernandez Aguado, Enrique"]
[Black "Aroshidze, Levan"]
[Result "1-0"]
[WhiteElo "2343"]
[BlackElo "2548"]
[PlyCount "85"]
[EventDate "2010.08.20"]
[EventType "swiss"]
[EventRounds "10"]
[EventCountry "ESP"]
[Source "lmi"]
[SourceDate "2010.08.20"]

1. Nf3 c5 2. c4 Nf6 3. g3 b6 4. Bg2 Bb7 5. Nc3 e6 6. d4 cxd4 7. Qxd4 d6 8. Bg5
Be7 9. O-O a6 10. Bxf6 Bxf6 11. Qf4 Bxf3 12. Qxf3 Ra7 13. Rad1 O-O 14. Qd3 Be7
15. f4 Nd7 16. f5 Re8 17. fxe6 fxe6 18. Be4 h6 19. Qf3 Ne5 20. Qh5 Rf8 21.
Rxf8+ Qxf8 22. Qh3 Qc8 23. b3 b5 24. cxb5 axb5 25. Nxb5 Rxa2 26. Nd4 Nf7 27.
Nxe6 Ra5 28. Bd5 Qc2 29. Qf1 Rxd5 30. Rxd5 Qe4 31. Qf5 Qxe2 32. Nf4 Qe3+ 33.
Kg2 Qxb3 34. Rb5 Qa2+ 35. Kh3 Ng5+ 36. Kg4 Qa8 37. Qd5+ Qxd5 38. Nxd5 Bd8 39.
Rb8 Nf7 40. Kf5 Kh7 41. h4 Ba5 42. Rb7 Kg8 43. Ne7+ 1-0

[Event "12. Open de Sants 2010"]
[Site "Barcelona ESP"]
[Date "2010.08.23"]
[Round "4.16"]
[White "Bhat, Vinay S"]
[Black "Ootes, Lars"]
[Result "0-1"]
[WhiteElo "2536"]
[BlackElo "2315"]
[PlyCount "80"]
[EventDate "2010.08.20"]
[EventType "swiss"]
[EventRounds "10"]
[EventCountry "ESP"]
[Source "lmi"]
[SourceDate "2010.08.20"]

1. d4 Nf6 2. c4 g6 3. Nc3 Bg7 4. e4 d6 5. Nf3 O-O 6. Be2 Nbd7 7. O-O e5 8. Be3
Re8 9. d5 Nh5 10. Re1 Bf8 11. b4 Ng7 12. Nd2 Be7 13. Nb3 f5 14. f3 f4 15. Bf2
Bh4 16. Bxh4 Qxh4 17. c5 a6 18. Na4 g5 19. Rc1 Rf8 20. Rc3 Nf6 21. cxd6 g4 22.
Nd2 g3 23. h3 Bxh3 24. gxh3 Qxh3 25. Nf1 cxd6 26. Nb6 Rad8 27. Qd2 Nd7 28. Nxd7
Qxd7 29. Rec1 Ne8 30. Qc2 b5 31. Kg2 Rf6 32. Bd1 Rh6 33. Kg1 Qa7+ 34. Kg2 Kf8
35. Qd2 Rd7 36. Rc8 Rg7 37. Bb3 Qd7 38. Kg1 g2 39. Ne3 Rh1+ 40. Kf2 fxe3+ 0-1

[Event "12. Open de Sants 2010"]
[Site "Barcelona ESP"]
[Date "2010.08.23"]
[Round "4.17"]
[White "Hernandez, Ivan"]
[Black "Cabrera, Alexis"]
[Result "1/2-1/2"]
[WhiteElo "2310"]
[BlackElo "2533"]
[PlyCount "93"]
[EventDate "2010.08.20"]
[EventType "swiss"]
[EventRounds "10"]
[EventCountry "ESP"]
[Source "lmi"]
[SourceDate "2010.08.20"]

1. d4 Nf6 2. c4 g6 3. Nc3 Bg7 4. e4 d6 5. Be2 O-O 6. Bg5 h6 7. Be3 c5 8. dxc5
Qa5 9. Bd2 Qxc5 10. Nf3 Bg4 11. Be3 Qb4 12. a3 Qa5 13. O-O Bxf3 14. Bxf3 Nc6
15. b4 Qe5 16. Rc1 g5 17. Re1 Qe6 18. Nd5 Rfc8 19. e5 dxe5 20. b5 Nd8 21. Qd3
Nxd5 22. Bxd5 Qd6 23. c5 Qc7 24. g4 e6 25. Be4 Bf8 26. Red1 Qa5 27. Qb3 a6 28.
a4 axb5 29. axb5 Qc7 30. Rd3 Be7 31. Qd1 Qb8 32. Rd7 Kf8 33. Qf3 Rc7 34. Rd3
Qc8 35. Rcd1 Ke8 36. b6 Rxc5 37. Bxc5 Qxc5 38. Bxb7 Rb8 39. Rxd8+ Rxd8 40. Qc6+
Qxc6 41. Bxc6+ Kf8 42. Rxd8+ Bxd8 43. b7 Bc7 44. Be4 Ke7 45. Kf1 Kd6 46. Ke2
Kc5 47. Kd3 1/2-1/2

[Event "12. Open de Sants 2010"]
[Site "Barcelona ESP"]
[Date "2010.08.23"]
[Round "4.18"]
[White "Cuartas, Jaime Alexander"]
[Black "Schut, Lisa"]
[Result "1-0"]
[WhiteElo "2529"]
[BlackElo "2286"]
[PlyCount "67"]
[EventDate "2010.08.20"]
[EventType "swiss"]
[EventRounds "10"]
[EventCountry "ESP"]
[Source "lmi"]
[SourceDate "2010.08.20"]

1. e4 c5 2. Nf3 d6 3. d4 cxd4 4. Nxd4 Nf6 5. Nc3 a6 6. Bg5 e6 7. f4 Nbd7 8. Bc4
b5 9. Bb3 Bb7 10. O-O Be7 11. Re1 Nc5 12. f5 Nxb3 13. axb3 b4 14. Na4 Nxe4 15.
Bxe7 Qxe7 16. fxe6 O-O 17. Qg4 Nf6 18. Qxg7+ Kxg7 19. Nf5+ Kh8 20. Nxe7 Ne4 21.
Nb6 Rae8 22. Nd7 Rxe7 23. Nxf8 fxe6 24. Ra4 Kg8 25. Nxe6 Rxe6 26. Rxb4 Bc6 27.
Rb6 d5 28. Rxa6 Rg6 29. b4 Kg7 30. c4 Kh6 31. b5 Bb7 32. Rxg6+ Kxg6 33. c5 Nxc5
34. Re7 1-0

[Event "12. Open de Sants 2010"]
[Site "Barcelona ESP"]
[Date "2010.08.23"]
[Round "4.19"]
[White "Rios, Cristhian Camilo"]
[Black "Reinaldo Castineira, Roi"]
[Result "0-1"]
[WhiteElo "2337"]
[BlackElo "2511"]
[PlyCount "60"]
[EventDate "2010.08.20"]
[EventType "swiss"]
[EventRounds "10"]
[EventCountry "ESP"]
[Source "lmi"]
[SourceDate "2010.08.20"]

1. e4 e5 2. Nf3 Nc6 3. Bc4 Nf6 4. d4 exd4 5. e5 d5 6. Bb5 Ne4 7. Nxd4 Bd7 8.
Bxc6 bxc6 9. O-O Bc5 10. f3 Ng5 11. f4 Ne4 12. Be3 Bb6 13. Nd2 Nxd2 14. Qxd2
O-O 15. f5 Qe7 16. f6 Qxe5 17. fxg7 Rfe8 18. Rae1 Qh5 19. Rf6 Re4 20. Bf2 Rxe1+
21. Qxe1 Re8 22. Qd2 Re4 23. Rh6 Rxd4 24. Bxd4 Bxd4+ 25. Kh1 Qe5 26. Rh4 Bb6
27. c4 Qe3 28. Qd1 Qf2 29. g3 Bf5 30. Rf4 Qxf4 0-1

[Event "12. Open de Sants 2010"]
[Site "Barcelona ESP"]
[Date "2010.08.23"]
[Round "4.20"]
[White "Zoler, Dan"]
[Black "Rios, Alejandro"]
[Result "1-0"]
[WhiteElo "2474"]
[BlackElo "2308"]
[PlyCount "62"]
[EventDate "2010.08.20"]
[EventType "swiss"]
[EventRounds "10"]
[EventCountry "ESP"]
[Source "lmi"]
[SourceDate "2010.08.20"]

1. d4 Nf6 2. c4 e6 3. Nf3 Bb4+ 4. Bd2 Qe7 5. g3 O-O 6. Bg2 Bxd2+ 7. Nbxd2 d5 8.
O-O Rd8 9. Qc2 Nc6 10. Rfd1 Nb4 11. Qc3 c5 12. dxc5 Qxc5 13. a3 Nc6 14. b4 Qb6
15. e3 Bd7 16. Rac1 Rac8 17. Qb2 Ne7 18. c5 Qa6 19. Nd4 Ba4 20. Bf1 b5 21. Re1
e5 22. N4f3 e4 23. Nd4 Nd7 24. f4 exf3 25. N2xf3 Qf6 26. Qg2 a6 27. e4 dxe4 28.
Rxe4 Nd5 29. Rce1 g6 30. Qd2 Rc7 31. Bh3 g5 1-0